Name That Musical in One Word Quiz Stats

 Plays Quiz Updated Jul 25, 2014

Support Sporcle.
Go Orange.
Score 0/24 Timer 05:00
3 Plays Today
Clue Musical % Correct
HyenasThe Lion King
87.7%
AustriaThe Sound of Music
81.8%
FionaBrigadoon
79.3%
TornadoThe Wizard of Oz
79%
AquariusHair
72.2%
SiamThe King and I
70.7%
HitlerThe Producers
69.6%
TraditionFiddler on the Roof
63.4%
DodgerOliver!
62.4%
RumbleWest Side Story
59.8%
Mistoffelees Cats
59.7%
NanaPeter Pan
58.6%
Clue Musical % Correct
CockneyMy Fair Lady
54.4%
GamblingGuys and Dolls
53.3%
SurreyOklahoma
52.8%
SharpshooterAnnie Get Your Gun
46.7%
LibrarianMusic Man
46.1%
QuestSpamalot
45.4%
SherryJersey Boys
40.2%
ShrewKiss Me Kate
39.5%
LolaDamn Yankees
37.1%
MordredCamelot
28.2%
MichenerSouth Pacific
17%
ZiegfeldFunny Girl
16.2%

You're not logged in!

Compare scores with friends on all Sporcle quizzes.
OR
Log In

From the Vault

Movies Without Grammar

by MovieGuru

Somebody did a little too much copy editing on these movie titles.
Remove Ads.
Support Sporcle.
Get the best of Sporcle when you Go Orange. This ad-free experience offers more features, more stats, and more fun while also helping to support Sporcle. Thank you for becoming a member.

Show Comments

Extras

Top Quizzes Today


Score Distribution

Your Account Isn't Verified!

In order to create a playlist on Sporcle, you need to verify the email address you used during registration. Go to your Sporcle Settings to finish the process.

Report this User

Report this user for behavior that violates our Community Guidelines.

Details: